Welcome to CU Library Online Public Access Catalogue (OPAC)

PSYCHOLOGY (Record no. 3042)

MARC details
000 -LEADER
fixed length control field 00409nam a22001577a 4500
005 - DATE AND TIME OF LATEST TRANSACTION
control field 20250124183947.0
008 - FIXED-LENGTH DATA ELEMENTS--GENERAL INFORMATION
fixed length control field 250124b |||||||| |||| 00| 0 eng d
020 ## - INTERNATIONAL STANDARD BOOK NUMBER
International Standard Book Number 9780697127228
050 ## - LIBRARY OF CONGRESS CALL NUMBER
Classification number BF121SDO
100 ## - MAIN ENTRY--PERSONAL NAME
Personal name SDOROW LESTER M.
245 ## - TITLE STATEMENT
Title PSYCHOLOGY
260 ## - PUBLICATION, DISTRIBUTION, ETC.
Place of publication, distribution, etc. MADISON
Name of publisher, distributor, etc. BROWN AND BENCHMARK
Date of publication, distribution, etc. 1990
300 ## - PHYSICAL DESCRIPTION
Extent 838P.,XXVI
500 ## - GENERAL NOTE
General note APPENDIX, GLOSSARY,REF.,
942 ## - ADDED ENTRY ELEMENTS (KOHA)
Source of classification or shelving scheme Library of Congress Classification
Koha item type Books
Edition 2ND EDITION
Suppress in OPAC No
999 ## -
-- 3042
-- 3042
Holdings
Withdrawn status Lost status Source of classification or shelving scheme Damaged status Not for loan Collection Home library Current library Shelving location Date acquired Total checkouts Full call number Barcode Date last seen Copy number Price effective from Koha item type
    Library of Congress Classification     Non-fiction Business Library (Miotso) Business Library (Miotso) General stacks 02/14/2025   BF121SDO BSSM00000784 02/14/2025 2 02/14/2025 Books
    Library of Congress Classification     Non-fiction Business Library (Miotso) Business Library (Miotso) General stacks 02/14/2025   BF121SDO BSSM00000785 02/14/2025 3 02/14/2025 Books
    Library of Congress Classification     Non-fiction Business Library (Miotso) Business Library (Miotso) General stacks 02/14/2025   BF121SDO BSSM00000786 02/14/2025 4 02/14/2025 Books
    Library of Congress Classification     Non-fiction Graduate Library (Christ Temple) Graduate Library (Christ Temple) General stacks 01/24/2025   BF121SDO gsct00000344 01/24/2025 1 01/24/2025 Books
© 2023-2024 Copyright: Central University Libraries. All Rights Reserved | Created by: Mahone Tech Office